000 00375nam a22001217a 4500
999 _c15101
_d15101
008 200304b ||||| |||| 00| 0 eng d
100 _941826
_aQuismorio, Ellson A.
245 _aNo more HMO discrimination under new AIDS law/
_cEllson Quismorio.
260 _aPhilippines;
_bManila Bulletin,
_c©2019.
300 _apage 4;
_c29.5cm
650 _aLaw.
_941827
942 _2ddc
_cPER